South Eastern Kenya University

Library Online Public Access Catalogue


Cost management : (Record no. 2851)

MARC details
000 -LEADER
fixed length control field 00788cam a2200217 a 4500
020 ## - INTERNATIONAL STANDARD BOOK NUMBER
International Standard Book Number 0072830085 (cased)
050 00 - LIBRARY OF CONGRESS CALL NUMBER
Classification number HF5657.4
Item number .H548 2006
100 1# - MAIN ENTRY--PERSONAL NAME
Personal name Hilton, Ronald W.
245 10 - TITLE STATEMENT
Title Cost management :
Remainder of title strategies for business decisions /
Statement of responsibility, etc. Ronald W. Hilton, Michael W. Maher, Frank H. Selto.
250 ## - EDITION STATEMENT
Edition statement 3rd ed.
260 ## - PUBLICATION, DISTRIBUTION, ETC. (IMPRINT)
Place of publication, distribution, etc. Boston, Mass. :
Name of publisher, distributor, etc. McGraw-Hill/Irwin,
Date of publication, distribution, etc. c2006.
300 ## - PHYSICAL DESCRIPTION
Extent xxxvii, 914 p. :
500 ## - GENERAL NOTE
General note Includes Index
650 #0 - SUBJECT ADDED ENTRY--TOPICAL TERM
Topical term following geographic name as entry element Cost management
700 1# - ADDED ENTRY--PERSONAL NAME
Personal name Maher, Michael,
700 1# - ADDED ENTRY--PERSONAL NAME
Personal name Selto, Frank H.
856 42 - ELECTRONIC LOCATION AND ACCESS
Uniform Resource Identifier <a href="http://www.loc.gov/catdir/enhancements/fy0620/2004114730-d.html">http://www.loc.gov/catdir/enhancements/fy0620/2004114730-d.html</a>
856 41 - ELECTRONIC LOCATION AND ACCESS
Uniform Resource Identifier <a href="http://www.loc.gov/catdir/enhancements/fy0620/2004114730-t.html">http://www.loc.gov/catdir/enhancements/fy0620/2004114730-t.html</a>
856 42 - ELECTRONIC LOCATION AND ACCESS
Uniform Resource Identifier <a href="http://www.loc.gov/catdir/enhancements/fy0737/2004114730-b.html">http://www.loc.gov/catdir/enhancements/fy0737/2004114730-b.html</a>
942 ## - ADDED ENTRY ELEMENTS (KOHA)
Koha item type General circulation
Holdings
Withdrawn status Lost status Source of classification or shelving scheme Damaged status Not for loan Home library Current library Shelving location Date acquired Cost, normal purchase price Total Checkouts Full call number Barcode Date last seen Cost, replacement price Price effective from Koha item type Public note
    Library of Congress Classification     Main Campus Library Main Campus Library General Stacks 03/09/2014 18952.95   HF5657.4 .H54 2006 2016/014056 03/09/2014 19452.95 03/09/2014 General circulation BONNIE
    Library of Congress Classification     Main Campus Library Main Campus Library General Stacks 03/09/2014 18952.95   HF 5657.4 .H548 2006 2016/014057 03/09/2014 19452.95   General circulation BONNIE
    Library of Congress Classification     SEHSS - Library SEHSS - Library General Stacks 13/06/2016 18952.95   [EHS] HF 5657.4 .H54 2006 2021/025490 13/06/2016 19452.95   General circulation  
Kitui, Kenya.
+254736116989
library@seku.ac.ke